LEADER 01921nim 2200433Ka 450 001 9910150612903321 005 20240912110950.6 010 $a1-4185-7597-6 035 $a(CKB)3710000000944926 035 $a(ODN)ODN0000629780 035 $a(EXLCZ)993710000000944926 100 $a20130919d2009 uy 0 101 0 $aeng 135 $auruna---||||| 181 $cspw$2rdacontent 182 $cs$2rdamedia 182 $cc$2rdamedia 183 $acr$2rdacarrier 200 10$aFearless $eImagine your life without fear. /$fMax Lucado 205 $aAbridged. 210 $cThomas Nelson 215 $a1 online resource (3 audio files) $cdigital 330 $aFear may fill the world but does not have to fill your heart. Each sunrise seems to bring fresh reasons for fear. Layoffs at work. Slowdowns in the economy. Health scares. Division. Oversized and rude, fear herds us into the prison of our anxious minds and keeps us from the freedom Christ offers. New York Times bestselling author and pastor Max Lucado invites us to turn to faith, not fear, as our default reaction to the threats of life. In this book, Max will help you: Find freedom from the fear of insignificance. Take comfort that the Lord will never leave your side. Unleash your worries and become filled with peace. Today, learn to trust more and fear less. 517 $aFearless 606 $aNonfiction$2OverDrive 606 $aChristian Nonfiction$2OverDrive 606 $aReligion & Spirituality$2OverDrive 606 $aSelf-Improvement$2OverDrive 615 17$aNonfiction. 615 7$aChristian Nonfiction. 615 7$aReligion & Spirituality. 615 7$aSelf-Improvement. 686 $aREL012040$aREL012070$aREL012120$2bisacsh 700 $aLucado$b Max$01774651 701 $aButler$b Daniel$01774652 906 $aAUDIO 912 $a9910150612903321 996 $aFearless$94287372 997 $aUNINA LEADER 03263oas 2201237 a 450 001 9910216939403321 005 20260127110444.0 011 $a1863-0669 035 $a(DE-599)ZDB0323-4320;1863-0650;1521-401X;1863-0669 035 $a(OCoLC)85461373 035 $a(CONSER) 2007233689 035 $a(CKB)1000000000257013 035 $a(DE-599)2270984-8 035 $a(EXLCZ)991000000000257013 100 $a20070228a20079999 sy a 101 0 $aeng 135 $aurcn||||||||| 181 $ctxt$2rdacontent 182 $cc$2rdamedia 183 $acr$2rdacarrier 200 10$aClean $esoil, air, water 210 $aWeinheim $cWiley-VCH Verlag$d[2007]- 300 $aRefereed/Peer-reviewed 300 $aTitle from title screen (Wiley InterScience, viewed Feb. 26, 2007). 311 08$a1863-0650 517 1 $aClean--soil, air, water 531 1 $aClean 606 $aWater quality$vPeriodicals 606 $aWater$xPollution$vPeriodicals 606 $aPollution$vPeriodicals 606 $aBioremediation$vPeriodicals 606 $aSewage$vPeriodicals 606 $aWater chemistry$vPeriodicals 606 $aBioremediation$2fast$3(OCoLC)fst00832694 606 $aPollution$2fast$3(OCoLC)fst01070069 606 $aSewage$2fast$3(OCoLC)fst01113736 606 $aWater chemistry$2fast$3(OCoLC)fst01171592 606 $aWater$xPollution$2fast$3(OCoLC)fst01171279 606 $aWater quality$2fast$3(OCoLC)fst01171832 606 $aAigües residuals$2thub 606 $aAire$2thub 606 $aDesenvolupament sostenible$2thub 606 $aHidrologia$2thub 606 $aQualitat de l'aigua$2thub 606 $aQuímica de l'aigua$2thub 606 $aQuímica dels sòls$2thub 606 $aSòls$2thub 608 $aPeriodicals.$2fast 608 $aPeriodicals.$2lcgft 608 $aRevistes electròniques.$2thub 615 0$aWater quality 615 0$aWater$xPollution 615 0$aPollution 615 0$aBioremediation 615 0$aSewage 615 0$aWater chemistry 615 7$aBioremediation. 615 7$aPollution. 615 7$aSewage. 615 7$aWater chemistry. 615 7$aWater$xPollution. 615 7$aWater quality. 615 7$aAigües residuals. 615 7$aAire. 615 7$aDesenvolupament sostenible. 615 7$aHidrologia. 615 7$aQualitat de l'aigua. 615 7$aQuímica de l'aigua. 615 7$aQuímica dels sòls. 615 7$aSòls. 801 0$bHNK 801 1$bHNK 801 2$bGUA 801 2$bDLC 801 2$bOCLCQ 801 2$bWAU 801 2$bAU@ 801 2$bOCLCQ 801 2$bDLC 801 2$bOCLCF 801 2$bOCLCQ 801 2$bOCLCO 801 2$bUKBOL 801 2$bEUM 801 2$bPUL 801 2$bSPUDB 801 2$bCNMTR 801 2$bOCLCQ 801 2$bOCLCA 801 2$bOCLCQ 801 2$bNLE 801 2$bOCLCQ 801 2$bUKMGB 801 2$bOCLCQ 801 2$bVT2 801 2$bNJT 801 2$bOCLCQ 801 2$bUBY 801 2$bOCLCQ 801 2$bUAB 801 2$bSXB 801 2$bOCLCQ 906 $aJOURNAL 912 $a9910216939403321 996 $aClean$92004859 997 $aUNINA